00615cam a2200205u 4500001001300000003000400013005001700017008004100034010001700075040001900092043001200111050001600123100004500139245008000184260005000264300002500314650001900339650003400358999001700392med47000421 DLC20260227111559.0830216s1947 dcu 000 0 eng  amed47000421  aDLCcCarPdDLC an-us---00aRA790b.F341 aFelix, Robert H.q(Robert Hanna),d1904-14aThe relation of the National mental health act to state health authorities, a[Washington,bU. S. Govt. print. off.,c1947] a1 p.l., 9 p.c23 cm. 0aMental health. 0aPublic healthzUnited States. c38071d38071